Securing the cloud :cloud computer security techniques and tactics (Record no. 11374)
[ view plain ]
| 000 -LEADER | |
|---|---|
| fixed length control field | 00591cam a2200193 a 4500 |
| 020 ## - INTERNATIONAL STANDARD BOOK NUMBER | |
| International Standard Book Number | 9781597495929 |
| 040 ## - CATALOGING SOURCE | |
| Original cataloging agency | DLC |
| Transcribing agency | DLC |
| Modifying agency | DLC |
| 050 00 - LIBRARY OF CONGRESS CALL NUMBER | |
| Item number | . |
| 082 00 - DEWEY DECIMAL CLASSIFICATION NUMBER | |
| Classification number | 005.8 |
| Edition number | 22 |
| 100 1# - MAIN ENTRY--PERSONAL NAME | |
| Personal name | Winkler, J. R. |
| 245 10 - TITLE STATEMENT | |
| Title | Securing the cloud :cloud computer security techniques and tactics |
| Statement of responsibility, etc. | Vic J.R. Winkler. |
| 260 ## - PUBLICATION, DISTRIBUTION, ETC. | |
| Place of publication, distribution, etc. | Waltham, MA : |
| Name of publisher, distributor, etc. | Syngress/Elsevier, |
| Date of publication, distribution, etc. | 2011. |
| 300 ## - PHYSICAL DESCRIPTION | |
| Extent | 290 p. ; |
| Dimensions | 24 cm. |
| 504 ## - BIBLIOGRAPHY, ETC. NOTE | |
| Bibliography, etc. note | Includes bibliographical references and index. |
| 650 #0 - SUBJECT ADDED ENTRY--TOPICAL TERM | |
| Topical term or geographic name entry element | Cloud computing. |
| 650 #0 - SUBJECT ADDED ENTRY--TOPICAL TERM | |
| Topical term or geographic name entry element | Computer security. |
| 650 #0 - SUBJECT ADDED ENTRY--TOPICAL TERM | |
| Topical term or geographic name entry element | Computer networks |
| General subdivision | Security measures. |
| 942 ## - ADDED ENTRY ELEMENTS (KOHA) | |
| Source of classification or shelving scheme | |
| Koha item type | Book |
| Withdrawn status | Lost status | Damaged status | Not for loan | Collection code | Permanent Location | Current Location | Shelving location | Date acquired | Source of acquisition | Cost, normal purchase price | Total Checkouts | Total Renewals | Full call number | Barcode | Date last seen | Date last checked out | Price effective from | Koha item type |
|---|---|---|---|---|---|---|---|---|---|---|---|---|---|---|---|---|---|---|
| Central Library (CL) | Central Library (CL) | First Floor - Artificial Intelligence/Data Mining | 12/13/2012 | Allied Book Company | 4663.00 | 4 | 1 | 005.8 WIN | SEECS011733 | 03/13/2022 | 11/14/2019 | 01/05/2017 | Book | |||||
| Central Library (CL) | Central Library (CL) | First Floor - Artificial Intelligence/Data Mining | 12/13/2012 | Allied Book Company | 4663.00 | 4 | 005.8 WIN | SEECS011734 | 07/08/2021 | 01/10/2020 | 01/05/2017 | Book |
